आधा ओझा राजा आधा / (Record no. 62383)

MARC details
000 -LEADER
fixed length control field 00954nam a22001937a 4500
005 - DATE AND TIME OF LATEST TRANSACTION
control field 20120209121533.0
020 ## - INTERNATIONAL STANDARD BOOK NUMBER
Terms of availability 50.00
International Standard Book Number 9788185586052
082 ## - DEWEY DECIMAL CLASSIFICATION NUMBER
Classification number
100 ## - MAIN ENTRY--PERSONAL NAME
Personal name गीता धर्मराजन
245 ## - TITLE STATEMENT
Title आधा ओझा राजा आधा /
Statement of responsibility, etc गीता धर्मराजन;अतनु राय द्वारा चित्रांकित
250 ## - EDITION STATEMENT
Edition statement 3रा संस्क
260 ## - PUBLICATION, DISTRIBUTION, ETC. (IMPRINT)
Place of publication, distribution, etc नई दिल्ली
Name of publisher, distributor, etc कथा
Date of publication, distribution, etc 2011
270 ## - ADDRESS
Address ए-3 सर्वोदय एनक्लेव, श्री औरोबिन्दो मार्ग
City नई दिल्ली
Postal code 110017
300 ## - PHYSICAL DESCRIPTION
Extent अ.पृ.
Other physical details सचित्र
Dimensions 20सेमी (अजिल्द)
700 ## - ADDED ENTRY--PERSONAL NAME
Personal name राय, अतनु
9 (RLIN) 41293
700 ## - ADDED ENTRY--PERSONAL NAME
9 (RLIN) 41305
942 ## - ADDED ENTRY ELEMENTS (KOHA)
Source of classification or shelving scheme Dewey Decimal Classification
Item type Children Books
Classification part
Call number suffix गीताध
Holdings
Withdrawn status Lost status Not for loan Home library Current library Date acquired Cost, normal purchase price Full call number Cost, replacement price Koha item type
    Ordered Andrews Gunj Andrews Gunj 09/02/2012 50.00 क गीताध 50.00 Children Books

© Delhi Public Library
Hit Counter
free hit counter